| 000 | 00715nam a2200241Ia 4500 | ||
|---|---|---|---|
| 003 | OSt | ||
| 005 | 20221005065814.0 | ||
| 006 | a|||||r|||| 00| 0 | ||
| 007 | ta | ||
| 008 | 221004b |||||||| |||| 00| 0 eng d | ||
| 024 | _a23849 | ||
| 037 | _cTextual | ||
| 040 |
_aCRL _cCRL _beng |
||
| 041 |
_2eng _aeng |
||
| 082 | _aX:3M24xM18,1, M6.1-.1 J6.2-.2 M6.1-.2 | ||
| 100 | _aMarx Carl | ||
| 245 | 0 |
_aCapital _b a critique of political economy |
|
| 260 |
_aMoscow _bProgress Publishers USSR _c1986 |
||
| 300 |
_a767;551;947p. _ccm. |
||
| 650 | _aECONOMICS | ||
| 942 |
_hX:3M24xM18,1, M6.1-.1 J6.2-.2 M6.1-.2 _cTEXL _2cc |
||
| 999 |
_c975231 _d975231 |
||